Countries With The Most Italian Ancestry - Statistics

General Stats
  • This quiz has been taken 46 times
  • The average score is 27 of 35
Answer Stats
Total Country % Correct
1,54 mil Canada
100%
17,50 mil United States
100%
52,1 mil Italy
97%
28,5 mil Argentina
95%
34,0 mil Brazil
95%
2,50 mil Colombia
95%
5,56 mil France
95%
1,50 mil Germany
95%
485,500 United Kingdom
95%
1,36 mil Peru
89%
5,06 mil Venezuela
89%
850,000 Mexico
86%
450,000 Spain
86%
87,500 Netherlands
81%
760,000 Switzerland
81%
1,10 mil Australia
78%
510,000 Belgium
78%
30,000 Bolivia
78%
1,66 mil Chile
78%
156,000 Ecuador
78%
37,600 Portugal
76%
45,000 Panama
73%
1,85 mil Uruguay
73%
60,000 Austria
70%
390,000 Costa Rica
70%
22,450 Honduras
68%
33,500 Ireland
68%
25,000 Nicaragua
68%
1,04 mil Paraguay
68%
178,500 El Salvador
62%
28,500 Sweden
59%
276,000 Dominican Republic
54%
180,000 South Africa
49%
25,000 Croatia
46%
30,200 Luxembourg
27%
No matching quizzes found
Score Distribution
Percent of People with Each Score
Percentile by Number Answered
Your Score History
You have not taken this quiz